Tottenham 0 - 2 Liverpool (UCL 2019) - Statistiques

Statistiques générales
  • Ce quiz a été pris 154 fois
    47 depuis la dernière actualisation
  • Le résultat moyen est 24 sur 30
Statistiques - réponses
Poste Pays Joueur % Correct
Avant-centre Harry Kane
100%
Gardien de but Hugo Lloris
100%
Ailier gauche Son Heung-min
100%
Ailier droit Dele Alli
95%
Ailier droit Mohamed Salah
95%
Ailier gauche Sadio Mané
95%
Défenseur central Virgil van Dijk
95%
Gardien Alisson Becker
93%
Avant-centre Roberto Firmino
93%
Latéral gauche Andrew Robertson
90%
Défenseur central Jan Vertonghen
90%
Latéral droit Trent Alexander-Arnold
88%
Milieu offensif Christian Eriksen
85%
Coach Jürgen Klopp
85%
Avant-centre remplaçant (58') Divock Origi
83%
Milieu défensif Fabinho
83%
Défenseur central Joel Matip
83%
Milieu central Jordan Henderson
83%
Coach Mauricio Pochettino
83%
Milieu central Georginio Wijnaldum
76%
Défenseur central Toby Alderweireld
76%
Milieu central Moussa Sissoko
73%
Ailier droit remplaçant (66') Lucas Moura
71%
Milieu central remplaçant (62') James Milner
68%
Défenseur central remplaçant (90') Joe Gomez
63%
Latéral droit Kieran Trippier
61%
Latéral gauche Danny Rose
56%
Défenseur central remplaçant (74') Eric Dier
46%
Avant-centre remplaçant (81') Fernando Llorente
46%
Milieu central Harry Winks
32%
Aucun quiz correspondant
Distribution des résultats
% des personnes avec chaque résultat
Percentile par nombre de réponses
Votre historique - résultats
Vous n’avez pas pris ce quiz depuis la dernière actualisation